| 000 | 00776nam a22002417a 4500 | ||
|---|---|---|---|
| 003 | UA-OsUOA | ||
| 001 | 23656 | ||
| 007 | ta | ||
| 008 | 20040127b un ||||| |||| 00| 0 ukr d | ||
| 090 |
_a321.7(091)(477) _bР64 |
||
| 942 | _cBK | ||
| 040 |
_aUA-OsUOA _bukr _cUA-OsUOA _dUA-OsUOA |
||
| 245 |
_aРозвиток демократії та демократична освіта в Україні _bМатеріали ІІ міжнародної наукової конференції (Одеса, 24-26 травня 2002 р.) _cУпор. Л.Марголіна |
||
| 300 | _a729 с. | ||
| 955 | _a0 | ||
| 041 | _aukr | ||
| 080 | _a321.7(091)(477) | ||
| 020 | _a966-96198-1-5 | ||
| 260 |
_aКиїв _bАйбі _c2003 |
||
| 044 | _aUA | ||
| 650 | 7 | _2UDC | |
| 999 |
_c309908 _d309908 |
||